000 01085nam0a2200313 4500
001 RU\NLR\bibl\567891
005 20260408192645.0
010 _a5-224-04481-2
_95000
021 _aRU
_b2004-56456
_92780
035 _a(NLR Aleph) 000559975
090 _a1526195
_c1526195
100 _a20041028d2004 u y0rusy50 ca
101 0 _arus
102 _aRU
105 _aa |||||||||
200 1 _aТаинство души
_e[Антология]
_fСост. А.Е. Мачехин
210 _aМ.
_cОлма-пресс
_cКрасный пролетарий
_d2004
215 _a606, [1] с.
_cил.
_d27
225 1 _aМудрость тысячелетий
300 _aВ вып. дан. авт.: А.Е. Мачехин
320 _aБиблиогр.: с. 602-605
606 _aДуша (филос.)
_jАфоризмы
_3RU\NLR\auth\661306791
_92172546
686 _aЮ216.26я48
702 1 _aМачехин
_bА. Е.
_gАлександр Егорович
_4220
801 0 _aRU
_bNLR
_c20041028
_gPSBO
801 1 _aRU
_bNLR
_c20041028
942 _cBOOK
980 _aNB